1719 1958 1771 1604 1908 1112 1400 1275 1406 1670 1532 1290 1495 1384 1200 1733 1677 1967 1822 1905 1508 1810 1923 1473 1439 1170 1078 1399 1836 1003 1198 1955 1427 1323 1493 1979 1246 1910 1872 1498 1526 1282 1129 1177 1464 1001 1918 1539 1878 1594 1090 1372 1359 1506 1666 1542 1672 1797 1505 1767 1155 1633 1724 1418 1033 1974 1584 1460 1628 1174 1970 1486 1541 1443 1256 1016 1979 1485 1821 1304 1916 1978 1623 1441 1403 1545 1332 1014 1312 1920 1668 1982 1584 1348 1370 1258 1931 1785 1673 BCNSPRNW ULIB Ver.6.0+V

เปลี่ยนเป็นภาษาไทย

Change to English
 แสดงรายละเอียดบรรณานุกรม
  กลับหน้าหลัก

Brief Record : Get Marc (ISO 2709) : E-mail record : QR code < ปิดหน้าต่าง
LEADER : 00000nam 2200000uu 4500
001    13399127472
003     ULIB
008    200604s2016||||th 000 0 tha d
020    ^a9781506256399 (pbk.)
050  4 ^aPE1128^bL887Bp
100 1  ^aLougheed, Lin,^d1946
245 10 ^aBarron s IELTS practice exams /^cLin Lougheed
246 3  ^aInternational English Language Testing System practiceexams
246 30 ^aIELTS practice exams
250    ^a3rd ed.
260    ^aHauppauge, N.Y. :^bBarron s Educational Series,^c2016
300    ^aiv, 457 p. :^bill. ;^c28 cm. +^e1 CD-ROM
650  0 ^aInternational English Language Testing System^vStudyguides
650  0 ^aEnglish language^vTextbooks for foreign speakers
650  0 ^aEnglish language^xExaminations^vStudy guides
653    ^aIELTS
945    ^p0^l0^i28378
999    ^aกัณชพร จุลอักษร
รายการนี้ยังไม่มีแท็ก
คุณยังไม่ได้ล็อกอิน คุณสามารถมีกิจกรรมร่วมกับเว็บไซต์ได้ แต่ต้องล็อกอินก่อน ::
  ล็อกอิน

รายการสื่อสารสนเทศ

ลำดับที่ ประเภท เลขเรียก/บาร์โค้ด สถานที่ สถานะ
1. หนังสือสำรอง
หนังสือสำรอง
PE1128 L887Bp ฉ.1 
  Barcode: 28378
ห้องสมุดวิทยาเขตนครสวรรค์
►หนังสือทั่วไป:l:General Books
บนชั้น

BibComment


ยังไม่เคยถูกคอมเมนท์

คอมเมนท์ทรัพยากรรายการนี้
  คอมเมนท์: Barron s IELTS p..


 Copyright 2026. Bcnsprnw @Library